LEADER 02809oas 2201129 a 450 001 9910131321503321 005 20260310213014.0 011 $a1939-8980 035 $a(DE-599)ZDB1465446-5 035 $a(DE-599)1465446-5 035 $a(OCoLC)37032255 035 $a(CONSER)sn 97023221 035 $a(CKB)954925380980 035 $a(EXLCZ)99954925380980 100 $a19970609a18849999 sy a 101 0 $aeng 135 $aurcn||||||||| 135 $aurbn||||||abp 135 $aurbn||||||ada 181 $ctxt$2rdacontent 182 $cc$2rdamedia 183 $acr$2rdacarrier 200 00$aAnnals of mathematics 210 $a[Charlottesville, Va.] $cUniversity of Virginia$d1884- 215 $a1 online resource 300 $aRefereed/Peer-reviewed 311 08$aAnnals of mathematics Print version: 0003-486X 531 0 $aAnn. math. 606 $aMathematics$vPeriodicals 606 $aMathematics 606 $aMathe?matiques$vPe?riodiques 606 $aMathematics$2fast$3(OCoLC)fst01012163 606 $aWiskunde$2gtt 606 $aAnalyse mathe?matique$2rasuqam 606 $aMathe?matique$2rasuqam 606 $aMatemàtica$2thub 608 $aPeriodicals.$2fast 608 $aPeriodicals.$2lcgft 608 $aRessource Internet (Descripteur de forme)$2rasuqam 608 $aPe?riodique e?lectronique (Descripteur de forme)$2rasuqam 608 $aRevistes electròniques.$2thub 615 0$aMathematics 615 2$aMathematics. 615 6$aMathe?matiques 615 7$aMathematics. 615 17$aWiskunde. 615 7$aAnalyse mathe?matique. 615 7$aMathe?matique. 615 7$aMatemàtica. 676 $a510.5 712 02$aUniversity of Virginia, 712 02$aHarvard University, 712 02$aPrinceton University, 712 02$aInstitute for Advanced Study (Princeton, N.J.), 801 0$bEYM 801 1$bEYM 801 2$bIUL 801 2$bEYM 801 2$bOCL 801 2$bEYM 801 2$bIUL 801 2$bEYM 801 2$bOCLCQ 801 2$bMUQ 801 2$bNSD 801 2$bUQ1 801 2$bOCLCQ 801 2$bHEBIS 801 2$bOCLCE 801 2$bOCLCQ 801 2$bOCL 801 2$bOCLCQ 801 2$bOCLCA 801 2$bOCLCF 801 2$bOCLCQ 801 2$bDEBBG 801 2$bVT2 801 2$bIOG 801 2$bU3W 801 2$bBRL 801 2$bWYU 801 2$bOCLCQ 801 2$bNJT 801 2$bM6U 801 2$bOCLCQ 801 2$bUAB 801 2$bUBY 801 2$bHNC 801 2$bDXU 801 2$bOCLCL 801 2$bOCLCQ 801 2$bOCLCL 801 2$bOCLCQ 906 $aJOURNAL 912 $a9910131321503321 996 $aAnnals of mathematics$9801015 997 $aUNINA